| 000 | 00493nam a2200181 a 4500 | ||
|---|---|---|---|
| 001 | 1776331135030 | ||
| 003 | YourLibrary | ||
| 005 | 20260416145133.0 | ||
| 008 | 260416s2008##################000#0#eng## | ||
| 020 | _a9780521875400 | ||
| 082 | 0 | 4 |
_a361.6509494 _bLEI |
| 100 | 1 |
_aLeimgruber, Matthieu, _eauthor. |
|
| 245 | 1 | 0 | _aSolidarity without the State? : |
| 260 |
_bCambridge University Press, _c2008. |
||
| 650 | 0 | _aHistory. | |
| 942 | _cENGLISH | ||
| 040 |
_aYourLibrary _beng _cYourLibrary |
||
| 999 |
_c619508 _d619508 |
||